000 00876pam a2200265 a 4500
001 3999517
003 OSt
005 20240325153422.0
008 961030s1997 enk b 001 0 eng c
010 _a 96037310
020 _a0750601760
040 _aDNLM/DLC
_cDLC
_dDLC
050 0 0 _aRM701
_b.P49 1997
082 0 0 _aWB460 F889p 1992
_221
100 _aEdited by Sally French.
_911086
245 0 0 _aPhysiotherapy :a psychosocial approach
260 _aOxford ;
_bButterworth-Heinemann,
_c1992.
300 _aviii, 417 p. ;
_c25 cm.
504 _aIncludes bibliographical references and index.
650 0 _aPhysical therapy
_92271
650 2 2 _aPsychology.
_931
906 _a7
_bcbc
_corignew
_d1
_eocip
_f19
_gy-gencatlg
942 _2z
_cO_SHELF
999 _c8284
_d8284